000 00240nam a2200097Ia 4500
001 965213
005 20250826220241.0
008 250824s9999 xx 000 0 und d
245 0 _aTELGRAFTAN TABLETE
_cEVRİM KURAN
260 _bDESTEK YAYINLARI
999 _c965213
_d965213